Identifikácia dejov v technologickom procese : Diplomová práca

Guardado en:
Detalles Bibliográficos
Autor principal: Baranovič, Tibor (Autor)
Otros Autores: Golian, Ivan (xxx)
Formato: Manuscrito Libro
Lenguaje:eslovaco
Publicado: Trnava : STU v Bratislave MtF KAIS, 1992
Materias:
Etiquetas: Agregar Etiqueta
Sin Etiquetas, Sea el primero en etiquetar este registro!

MARC

LEADER 00000ntm a22000003a 4500
001 stu58342
005 20160719155139.0
008 010621s1992----xo------------------slo-d
040 |a STU  |b slo 
041 0 |a slo 
044 |a xo 
100 1 |a Baranovič, Tibor  |4 aut 
245 1 |a Identifikácia dejov v technologickom procese :  |b Diplomová práca 
260 |a Trnava :  |b STU v Bratislave MtF KAIS,  |c 1992 
300 |a 73 s  |c výťah 
650 7 |a Proces technologický-identifikácia dejov  |2 stusub 
650 7 |a Automatizované systémy riadenia výrobných procesov v strojárstve  |2 stusub 
700 1 |a Golian, Ivan  |4 xxx 
996 |b 284M024630  |c M*DP-1414  |l MMSKP  |s P  |a 0  |w stu58342_0001